000 00944 a2200217 4500
001 48798
005 20260407155754.0
008 260407a1997 arg spa d
003 AR-UNSa-BCEJYS
040 _aAR-UNSa-BCEJYS
_bspa
_cAR-UNSa-BCEJYS
080 _a37.012
_xMétodos de investigaciones educativas. Métodos de observación en pedagogía
245 1 0 _aMétodo de investigación para el profesorado
020 _a84-7112-332-0
250 _a2a.ed.
264 1 _aMadrid :
_bEdiciones Morata
_c1997
300 _a233 p.
_c21 cm.
505 _a1. Investigación aplicada y los problemas de diseño del curso - 2. Tareas y procedimientos - 3. Métodos, cuestiones y problemas - 4. Técnicas de investigación - 5. Tratamientos de los datos y presentación de informes de investigación - 6. La formación de una comunidad de usuarios entendidos.
942 _cBK
590 _aniveau_biblio:m niveau_hierar:0
100 1 _aWalker, Rob
999 _c4733
_d4733